| 000 | 00669nam a2200241 a 4500 | ||
|---|---|---|---|
| 005 | 20140310183451.0 | ||
| 008 | 090119s19uu xx 00 eng d | ||
| 020 | _a9781422122884 | ||
| 050 |
_aHF 5548.83 _b.G33 2008 |
||
| 100 | _aGabarro, John J. | ||
| 245 |
_aManaging your boss / _cJohn J. Gabarro |
||
| 260 |
_aBoston, MA : _bHarvard Business Press, _c2008. |
||
| 300 |
_a55 p. : _b17 cm. |
||
| 440 | _aHarvard Business Review Classics | ||
| 521 | _aBSBA | ||
| 650 | _aBSBA. | ||
| 650 | _aManaging your boss. | ||
| 650 | _aInterpersonal relations. | ||
| 650 | _aSelf-evaluation. | ||
| 700 | _aKotter, John | ||
| 942 |
_cBK _2lcc _kFOR |
||
| 999 |
_c23411 _d23411 |
||